000 00826nam a2200229Ii 4500
003 JO-AjNU
008 230605s9999||||xx |||||||||||||| ||und||
017 _a2010/8584
020 _a978-977-04-6479-8
040 _aJO-AjNU
_bara
_erda
_cJO-AjNU
041 _aara
050 1 4 _aK3585.4.2010
100 3 _a المراكبي ، السيد ,
_eauthor
_932306
245 0 0 _aالحماية القانونية للبيئة من التلوث في قانون البيئة رقم 4 لسنة 1994والمعدل بالقانون رقم 9 لسنة 2009
250 _a(د،ط)
264 3 1 _aالقاهرة : دار النهضة العربية ، 2010
300 _a337ص
336 _atext
_btxt
_2rdacontent
337 _aunmediated
_bn
_2rdamedia
338 _avolume
_bnc
_2rdacarrier
650 4 _aقانون اداري
_932307
999 _aA13027
_c16595
_d16595